Zmeny v účtovej osnove pre neziskové organizácie
Prehľad zmien v účtovej osnove neziskových organizácií v súlade s novým zákonom o účtovníctve, ktorý nadobudol účinnosť 1.1.2003.
Gespeichert in:
| 1. Verfasser: | |
|---|---|
| Format: | Buchkapitel |
| Sprache: | Slowakisch |
| Schlagworte: | |
| Tags: |
Keine Tags, Fügen Sie das erste Tag hinzu!
|
MARC
| LEADER | 00000naa a2200000 4500 | ||
|---|---|---|---|
| 001 | r049567 | ||
| 005 | 20230927071908.3 | ||
| 041 | 0 | |a slo | |
| 044 | |a SK | ||
| 245 | 1 | 0 | |a Zmeny v účtovej osnove pre neziskové organizácie |c Viera Laszová |
| 520 | |a Prehľad zmien v účtovej osnove neziskových organizácií v súlade s novým zákonom o účtovníctve, ktorý nadobudol účinnosť 1.1.2003. | ||
| 610 | 2 | 0 | |a osnova účtová |
| 610 | 2 | 0 | |a organizácie neziskové |
| 610 | 2 | 0 | |a účtovníctvo |
| 610 | 2 | 0 | |a zákony |
| 610 | 2 | 0 | |a novelizácia |
| 610 | 2 | 0 | |a 2003 |
| 100 | 1 | |a Laszová, Viera | |